[Event "ARG-ch U18"]
[Site "Ibague"]
[Date "2024.03.17"]
[Round "6"]
[White "Aguiar Oyuela, Luis Alejandro"]
[Black "Rincon Acosta, Danny Edicson"]
[Result "0-1"]
[WhiteElo "1603"]
[BlackElo "1617"]
[PlyCount "68"]
[EventDate "2024.03.14"]
[EventType "swiss"]
[EventRounds "7"]
[EventCountry "COL"]
[SourceTitle "CB12_2024"]
[SourceDate "2023.10.01"]
[SourceVersion "1"]
[SourceVersionDate "2023.10.01"]
[SourceQuality "1"]

1. e4 c5 2. Nf3 Nc6 3. Bb5 Qc7 4. 0-0 d6 5. Re1 a6 6. Bf1 Bg4 7. c3 e5 8. h3 Bh5 9. g4 Bg6 10. d4 h5 11. g5 0-0-0 12. d5 Na7 13. b4 h4 14. a4 Bh5 15. b5 a5 16. Na3 b6 17. Nc4 Be7 18. Rb1 Kd7 19. Qd3 Rb8 20. Nfxe5+ dxe5 21. d6 Bxd6 22. f4 Ke7 23. fxe5 Bxe5 24. Qd5 f6 25. gxf6+ gxf6 26. Ne3 Nh6 27. Bc4 Bh2+ 28. Kh1 Bf3+ 29. Ng2 Bxg2+ 30. Kxg2 Qg3+ 31. Kh1 Qxh3 32. Qe6+ Qxe6 33. Bxe6 Bg3 34. Bxh6 Rxh6 0-1